000 00291nam a22001337a 4500
008 171018b xxu||||| |||| 00| 0 eng d
020 _a9781904339083
041 _aeng
080 _a338
100 _a53
101 _a338
245 _aCREDIT RISK MODELLING
_cGORDY, M,B
942 _2udc
_cBK
999 _c34588
_d34588